Corporate Governance (Record no. 19960)
[ view plain ]
| 000 -LEADER | |
|---|---|
| fixed length control field | 02026nam a2200373 4500 |
| 001 - CONTROL NUMBER | |
| control field | OTLid0000589 |
| 003 - CONTROL NUMBER IDENTIFIER | |
| control field | MnU |
| 005 - DATE AND TIME OF LATEST TRANSACTION | |
| control field | 20201105133344.0 |
| 006 - FIXED-LENGTH DATA ELEMENTS--ADDITIONAL MATERIAL CHARACTERISTICS | |
| fixed length control field | m o d s |
| 008 - FIXED-LENGTH DATA ELEMENTS--GENERAL INFORMATION | |
| fixed length control field | 180907s2014 mnu o 0 0 eng d |
| 040 ## - CATALOGING SOURCE | |
| Original cataloging agency | MnU |
| Language of cataloging | eng |
| Transcribing agency | MnU |
| 050 #4 - LIBRARY OF CONGRESS CALL NUMBER | |
| Classification number | HF5001 |
| 050 #4 - LIBRARY OF CONGRESS CALL NUMBER | |
| Classification number | HD30.4 |
| 100 1# - MAIN ENTRY--PERSONAL NAME | |
| Personal name | Frey, William |
| Relator term | author |
| 245 00 - TITLE STATEMENT | |
| Title | Corporate Governance |
| Statement of responsibility, etc. | William Frey |
| 264 #2 - PRODUCTION, PUBLICATION, DISTRIBUTION, MANUFACTURE, AND COPYRIGHT NOTICE | |
| Name of producer, publisher, distributor, manufacturer | Open Textbook Library |
| 264 #1 - PRODUCTION, PUBLICATION, DISTRIBUTION, MANUFACTURE, AND COPYRIGHT NOTICE | |
| Name of producer, publisher, distributor, manufacturer | OpenStax CNX |
| 300 ## - PHYSICAL DESCRIPTION | |
| Extent | 1 online resource |
| 490 0# - SERIES STATEMENT | |
| Series statement | Open textbook library. |
| 505 0# - FORMATTED CONTENTS NOTE | |
| Formatted contents note | 1 Ethical Leadership -- 2 Ethical Decision-Making -- 3 Social Responsibility -- 4 Changing Organizational -- 5 Business Ethics Bowl -- 6 Course Procedures |
| 520 0# - SUMMARY, ETC. | |
| Summary, etc. | This course takes an interdisciplinary approach to ethics in business and provides modules in Ethical Leadership, Ethical Decision-Making, Social Responsibility, and Corporate Governance. Students will actively study ethical theory by carrying out exercises to help them build theory-based tools for encountering ethical problems in business practice. They will also work with cases in business ethics designed to give them practice in developing skills of ethical leadership, ethical decision-making, and carrying out socio-technical analyses to respond to issues of social responsibility. This course will culminate in an Ethics Bowl competition in which students will practice ethics advocacy in a variety of organizational contexts in business. |
| 542 1# - INFORMATION RELATING TO COPYRIGHT STATUS | |
| Copyright statement | Attribution |
| 546 ## - LANGUAGE NOTE | |
| Language note | In English. |
| 588 0# - SOURCE OF DESCRIPTION NOTE | |
| Source of description note | Description based on print resource |
| 650 #0 - SUBJECT ADDED ENTRY--TOPICAL TERM | |
| Topical term or geographic name entry element | Business |
| Form subdivision | Textbooks |
| 650 #0 - SUBJECT ADDED ENTRY--TOPICAL TERM | |
| Topical term or geographic name entry element | Management |
| Form subdivision | Textbooks |
| 700 1# - ADDED ENTRY--PERSONAL NAME | |
| Personal name | Cruz-Cruz, Jose a |
| Relator term | author |
| 710 2# - ADDED ENTRY--CORPORATE NAME | |
| Corporate name or jurisdiction name as entry element | Open Textbook Library |
| Relator term | distributor |
| 856 40 - ELECTRONIC LOCATION AND ACCESS | |
| Uniform Resource Identifier | <a href="https://open.umn.edu/opentextbooks/textbooks/589">https://open.umn.edu/opentextbooks/textbooks/589</a> |
| Public note | Access online version |
| Withdrawn status | Lost status | Source of classification or shelving scheme | Damaged status | Not for loan | Home library | Shelving location | Date acquired | Total Checkouts | Full call number | Date last seen | Uniform Resource Identifier | Price effective from | Koha item type |
|---|---|---|---|---|---|---|---|---|---|---|---|---|---|
| Digital Library | Online Access | 05.11.2020 | HF5001 | 05.11.2020 | https://open.umn.edu/opentextbooks/textbooks/589 | 05.11.2020 | eBook |